00408 2200169 4500001002100000005001500021008004100036035001900077041000700096082001100103090001700114100001300131245002400144260003200168300001800200650002000218INLIS00000000001542320241224114930241224||||||||| | ||| |||| || |  0010-1224015423 aid0 a658.38 a658.38 SOE m0 aSoedinar00aMANAJEMEN PUSKESMAS aJakartabBalai Putakac1977 a96hlm;15x21cm 0aIlmu Kedokteran